[Event "Kiel op 25th"]
[Site "Kiel"]
[Date "2012.07.30"]
[Round "5"]
[White "Wrage, Steffen"]
[Black "Petri, Alexander"]
[Result "1/2-1/2"]
[WhiteElo "1919"]
[BlackElo "2183"]
[PlyCount "61"]
[EventDate "2012.07.28"]
[EventType "swiss"]
[EventRounds "9"]
[EventCountry "GER"]
[SourceTitle "EXT 2015"]
[Source "ChessBase"]
[SourceDate "2014.11.20"]
[SourceVersion "1"]
[SourceVersionDate "2014.11.20"]
[SourceQuality "1"]

1. e4 c6 2. d4 d5 3. exd5 cxd5 4. Bd3 Nc6 5. c3 Qc7 6. h3 e6 7. Ne2 Bd6 8. Bg5 Nge7 9. Nd2 Bd7 10. Nf3 f6 11. Bh4 0-0-0 12. Bg3 Kb8 13. b4 Nc8 14. a4 Bxg3 15. Nxg3 e5 16. dxe5 Nxe5 17. Ra3 Nxf3+ 18. Qxf3 Bxa4 19. Rxa4 Qxc3+ 20. Kd1 Nb6 21. Ne2 Qb2 22. Qf4+ Ka8 23. Ra5 Nc4 24. Ra4 Rhe8 25. Re1 Re3 26. Bc2 g5 27. Qd4 Qxd4+ 28. Nxd4 Nb2+ 29. Kd2 Nc4+ 30. Kd1 Nb2+ 31. Kd2 1/2-1/2

[Event "Kiel op 25th"]
[Site "Kiel"]
[Date "2012.07.28"]
[Round "1"]
[White "Schmidt, Niko"]
[Black "Wrage, Steffen"]
[Result "1/2-1/2"]
[WhiteElo "1580"]
[BlackElo "1919"]
[PlyCount "39"]
[EventDate "2012.07.28"]
[EventType "swiss"]
[EventRounds "9"]
[EventCountry "GER"]
[SourceTitle "EXT 2015"]
[Source "ChessBase"]
[SourceDate "2014.11.20"]
[SourceVersion "1"]
[SourceVersionDate "2014.11.20"]
[SourceQuality "1"]

1. e4 e6 2. d4 d5 3. e5 c5 4. c3 Nc6 5. Nf3 Qb6 6. Be2 cxd4 7. cxd4 Nh6 8. Bd3 Bd7 9. Bc2 Nf5 10. Bxf5 exf5 11. Nc3 Bb4 12. 0-0 Be6 13. a3 Bxc3 14. bxc3 Na5 15. a4 Nc4 16. Nd2 Rc8 17. Qb3 Qxb3 18. Nxb3 0-0 19. Nd2 Nxd2 20. Bxd2 1/2-1/2

[Event "Kiel Cup U18"]
[Site "Kiel"]
[Date "2008.10.18"]
[Round "6.1"]
[White "Wrage, Steffen"]
[Black "Magnussen, Helge"]
[Result "0-1"]
[WhiteElo "1849"]
[BlackElo "2021"]
[PlyCount "124"]
[EventDate "2008.10.16"]
[EventType "team-swiss"]
[EventRounds "7"]
[EventCountry "GER"]
[SourceTitle "EXT 2011"]
[Source "ChessBase"]
[SourceDate "2010.11.26"]
[SourceVersion "1"]
[SourceVersionDate "2010.11.26"]
[SourceQuality "1"]

1. e4 e6 2. d4 d5 3. Nc3 Bb4 4. e5 c5 5. a3 Bxc3+ 6. bxc3 Ne7 7. Qg4 0-0 8. Bd3 Nbc6 9. Nf3 f5 10. exf6 Rxf6 11. Bg5 e5 12. Qh4 e4 13. Bxf6 gxf6 14. Qxf6 exd3 15. cxd3 Bf5 16. Qg5+ Kf7 17. Qf4 Qb8 18. Ne5+ Nxe5 19. dxe5 Qg8 20. 0-0 Ke6 21. d4 c4 22. h3 Rf8 23. Qh6+ Bg6 24. f4 Nf5 25. Qg5 h6 26. Qg4 h5 27. Qf3 h4 28. Rfb1 Qh7 29. Rb5 Rd8 30. a4 Bh5 31. Qf2 Rg8 32. Rab1 Rg7 33. Re1 Qg6 34. Reb1 b6 35. a5 Ng3 36. axb6 a6 37. R5b2 Rb7 38. Ra1 Qd3 39. Qd2 Ne2+ 40. Kh1 Ng3+ 41. Kg1 Ne2+ 42. Kh1 Qxd2 43. Rxd2 Rxb6 44. Rda2 Nxc3 45. Rxa6 Rxa6 46. Rxa6+ Kf5 47. Rh6 Be8 48. Rf6+ Ke4 49. e6 Ne2 50. Rf8 Ba4 51. Ra8 Nxd4 52. e7 Nf5 53. Rxa4 Nxe7 54. Kg1 Kxf4 55. Kf2 Nf5 56. Ke2 Ke4 57. Ra8 c3 58. Re8+ Kd4 59. Rf8 Ng3+ 60. Kd1 Kd3 61. Rf3+ Kc4 62. Rf4+ Kb3 0-1

[Event "Kiel op 21th"]
[Site "Kiel"]
[Date "2008.08.10"]
[Round "3"]
[White "Wrage, Steffen"]
[Black "Huhs, Sven"]
[Result "1/2-1/2"]
[WhiteElo "1840"]
[BlackElo "2145"]
[PlyCount "37"]
[EventDate "2008.08.09"]
[EventType "swiss"]
[EventRounds "9"]
[EventCountry "GER"]
[SourceTitle "EXT 2009"]
[Source "ChessBase"]
[SourceDate "2008.11.26"]
[SourceVersion "1"]
[SourceVersionDate "2008.11.26"]
[SourceQuality "1"]

1. e4 c6 2. d4 d5 3. exd5 cxd5 4. Bd3 Nc6 5. c3 Nf6 6. Bf4 Bg4 7. Qb3 Qc8 8. Nd2 e6 9. Ngf3 Be7 10. 0-0 Bh5 11. Ne5 Nxe5 12. Bxe5 0-0 13. Rac1 a6 14. c4 Qd7 15. cxd5 Nxd5 16. Nc4 Bg6 17. Bxg6 hxg6 18. Ne3 Rac8 19. Nxd5 1/2-1/2

[Event "Schleswig Holstein-ch cand 63rd"]
[Site "Gross Groenau"]
[Date "2008.03.18"]
[Round "5"]
[White "Busse, Gerd"]
[Black "Wrage, Steffen"]
[Result "0-1"]
[WhiteElo "1648"]
[BlackElo "1774"]
[PlyCount "64"]
[EventDate "2008.03.15"]
[EventType "swiss"]
[EventRounds "9"]
[EventCountry "GER"]
[SourceTitle "EXT 2010"]
[Source "ChessBase"]
[SourceDate "2010.11.25"]
[SourceVersion "1"]
[SourceVersionDate "2010.11.25"]
[SourceQuality "1"]

1. e4 e6 2. d4 d5 3. c3 dxe4 4. Nd2 Nf6 5. Ne2 c5 6. Ng3 cxd4 7. Qa4+ Nc6 8. Ndxe4 Nxe4 9. Nxe4 f5 10. Ng5 dxc3 11. bxc3 Be7 12. Nf3 Bf6 13. Bd2 Bd7 14. Qb3 Na5 15. Qb4 Nc6 16. Qb3 Qc7 17. Bb5 a6 18. Bd3 Ne5 19. Be2 Rc8 20. Nd4 Nc4 21. Bxc4 Qxc4 22. Qxc4 Rxc4 23. 0-0 Bxd4 24. cxd4 Rxd4 25. Bc3 Rg4 26. g3 h5 27. Rfe1 h4 28. Rab1 hxg3 29. fxg3 b5 30. a4 Rxa4 31. Bxg7 Rh7 32. Be5 Ra2 0-1

[Event "Schleswig Holstein-ch cand 63rd"]
[Site "Gross Groenau"]
[Date "2008.03.17"]
[Round "4"]
[White "Wrage, Steffen"]
[Black "Rickert, Heiko"]
[Result "1-0"]
[WhiteElo "1774"]
[BlackElo "1842"]
[PlyCount "77"]
[EventDate "2008.03.15"]
[EventType "swiss"]
[EventRounds "9"]
[EventCountry "GER"]
[SourceTitle "EXT 2010"]
[Source "ChessBase"]
[SourceDate "2010.11.25"]
[SourceVersion "1"]
[SourceVersionDate "2010.11.25"]
[SourceQuality "1"]

1. e4 c5 2. Nf3 d6 3. d4 cxd4 4. Nxd4 Nf6 5. Nc3 g6 6. Be3 Bg7 7. f3 0-0 8. Qd2 Nc6 9. Bc4 Bd7 10. 0-0-0 Rc8 11. Bb3 Ne5 12. g4 Nc4 13. Bxc4 Rxc4 14. Kb1 b5 15. b3 Rc8 16. Ndxb5 Qa5 17. a4 a6 18. Nd5 Qxd2 19. Nxe7+ Kh8 20. Rxd2 axb5 21. Nxc8 Rxc8 22. Rxd6 Bxg4 23. fxg4 Nxe4 24. Rd7 bxa4 25. bxa4 Rb8+ 26. Kc1 Bb2+ 27. Kd1 Ba3 28. Bd4+ Kg8 29. Ke2 Re8 30. Kd3 Ng5 31. h4 Ne6 32. Rf1 Bc5 33. c3 Ra8 34. Ra1 f5 35. gxf5 gxf5 36. Rg1+ Kf8 37. Ra1 Kg8 38. Kc4 Bf8 39. Rg1+ 1-0

[Event "Kieler Cup U14"]
[Site "Kiel"]
[Date "2007.10.19"]
[Round "4"]
[White "Magnussen, Helge"]
[Black "Wrage, Steffen"]
[Result "1/2-1/2"]
[WhiteElo "2034"]
[BlackElo "1832"]
[PlyCount "80"]
[EventDate "2007.10.18"]
[EventType "swiss"]
[EventRounds "7"]
[EventCountry "GER"]
[SourceTitle "EXT 2010"]
[Source "ChessBase"]
[SourceDate "2010.11.25"]
[SourceVersion "1"]
[SourceVersionDate "2010.11.25"]
[SourceQuality "1"]

1. d4 Nf6 2. c4 e6 3. Nc3 d5 4. Bg5 c6 5. e3 Bb4 6. Bxf6 Qxf6 7. Nf3 Nd7 8. cxd5 exd5 9. Bd3 Nf8 10. Qc2 Ng6 11. h4 Ne7 12. 0-0-0 Bxc3 13. bxc3 Bf5 14. Bxf5 Qxf5 15. Rd2 Qxc2+ 16. Rxc2 b5 17. Kd2 f6 18. a4 Nf5 19. axb5 cxb5 20. Ra1 a5 21. Rca2 Nd6 22. Kd3 Nb7 23. Nd2 a4 24. Rb2 Nd6 25. e4 Ra5 26. exd5 Kd7 27. Nb3 Nc4 28. Nxa5 Nxb2+ 29. Kc2 Ra8 30. Kxb2 Rxa5 31. Ka3 Ra7 32. Rb1 Ra5 33. Kb4 Ra8 34. Ra1 Rb8 35. Ra2 Kd6 36. c4 bxc4+ 37. Kxc4 Rc8+ 38. Kd3 Ra8 39. Kc4 Rc8+ 40. Kd3 Ra8 1/2-1/2

[Event "Kieler Cup U14"]
[Site "Kiel"]
[Date "2007.10.18"]
[Round "2"]
[White "Wrage, Steffen"]
[Black "Kussin, Niklas"]
[Result "1-0"]
[WhiteElo "1832"]
[BlackElo "1174"]
[PlyCount "33"]
[EventDate "2007.10.18"]
[EventType "swiss"]
[EventRounds "7"]
[EventCountry "GER"]
[SourceTitle "EXT 2010"]
[Source "ChessBase"]
[SourceDate "2010.11.25"]
[SourceVersion "1"]
[SourceVersionDate "2010.11.25"]
[SourceQuality "1"]

1. e4 c5 2. Nf3 e6 3. d4 cxd4 4. Nxd4 Nf6 5. Nc3 a6 6. e5 Ng8 7. Bd3 d6 8. Bf4 Qc7 9. exd6 Bxd6 10. Bxd6 Qxd6 11. 0-0 Nd7 12. Nb3 Qc7 13. Qg4 Qe5 14. Rfe1 Qf6 15. Ne4 Qh6 16. Nd6+ Ke7 17. Nf5+ 1-0

[Event "Schleswig Holstein-ch A 62nd"]
[Site "Itzehoe"]
[Date "2007.03.31"]
[Round "1"]
[White "Wrage, Steffen"]
[Black "Krieter, Hartmut"]
[Result "1-0"]
[WhiteElo "1656"]
[BlackElo "1459"]
[PlyCount "49"]
[EventDate "2007.03.31"]
[EventType "swiss"]
[EventRounds "9"]
[EventCountry "GER"]
[SourceTitle "EXT 2010"]
[Source "ChessBase"]
[SourceDate "2010.11.25"]
[SourceVersion "1"]
[SourceVersionDate "2010.11.25"]
[SourceQuality "1"]

1. e4 c5 2. Nf3 d6 3. d4 cxd4 4. Nxd4 e5 5. Nb3 Nf6 6. Bc4 Be6 7. Qe2 a6 8. a4 Nc6 9. Nc3 Rc8 10. Nd5 Nd4 11. Nxd4 exd4 12. Nxf6+ Qxf6 13. Bd3 Be7 14. h4 Qg6 15. g3 Qg4 16. Bf4 Qxe2+ 17. Kxe2 Bc4 18. Bxc4 Rxc4 19. Kd3 Rc6 20. Rac1 Kd7 21. Rhe1 Rhc8 22. Re2 Rb6 23. b3 Rxb3+ 24. cxb3 Rxc1 25. Bxc1 1-0